不要命的死神 . 1

資料類型: Book 圖書   書目號:51140

Leader xxxxxxxxxx
001 __ 102471/2/01
005 __ 20170410105904.091
010 0_ |a978-986-5664-28-2|b第1冊 : 精裝|d新臺幣270元
042 __ |anbim
100 __ |a20170410d2017    k  y0chiy50      e
101 0_ |achi
102 __ |atw
105 __ |aa   z   000fy
200 1_ |a不要命的死神|h1|f宮西達也作.繪|g游珮芸翻譯
205 __ |a初版
210 __ |a臺北市|c三之三文化|d2017[民106]
215 0_ |a1冊|c|d26公分
527 11 |aЁЯヮтイモ|zjpn
606 __ |2cst|a圖畫書
700 _1 |a宮西|b達也|4作.繪
702 _1 |a|b珮芸|4翻譯
681 __ |a859.6|b8347 v.1
801 _0 |atw|bLibDipper|c20170410|gCCR
詳細館藏(共 1 筆)
索 書 號登 錄 號冊次號館別 / 館藏地流通類型狀態加入預約清單電子資源
859.6 / 8347 1024712 v.1 圖書館 / 二樓繪本專區 可外借30天 在館   

| 條列資料




目錄查詢 分類查詢 個人資料 圖書薦購 新書查詢 閉館日 排行榜 更多電子資源 Hami書城 線上資料庫 登出

From : 216.73.216.116

  本日流通累計至 17:40:52 借閱 : 9 次 續借 : 0 次 歸還 : 10 次 預約 : 0 次 電子資源 : 0 次


內湖高中圖書館  PCLIS 版本  25.5.0.2